Statistics for Queen Songs with More Than 3 Words

Click here to take the quiz!

General Stats

  • This quiz has been taken 41 times
  • The average score is 9 of 22

Answer Stats

Answer% Correct
Don't Stop Me Now
73%
We Are the Champions
70%
Another One Bites the Dust
64%
Crazy Little Thing Called Love
64%
I Want to Break Free
58%
We Will Rock You
58%
Seven Seas of Rhye
52%
The Show Must Go On
52%
You're My Best Friend
45%
Love of My Life
42%
A Kind of Magic
39%
I Want it All
33%
Friends Will Be Friends
30%
Good Old Fashioned Lover Boy
30%
These Are the Days of Our Lives
30%
I'm Going Slightly Mad
27%
Who Wants to Live Forever
27%
Tie Your Mother Down
24%
It's a Hard Life
18%
Too Much Love Will Kill You
15%
Las Palabras De Amor
6%
Thank God It's Christmas
3%

Score Distribution

Percentile by Number Answered

Percent of People with Each Score

Your Score History

You have not taken this quiz